Лирика (Запис номер 383861)
[ съкратено ]
| 000 -Лидер | |
|---|---|
| Контролно поле с фиксирана дължина | 01265nam a2200289 c 4500 |
| 003 - Код на организацията, давaща контролен номер | |
| Контролно поле | BLK |
| 005 - Дата и час на последна редакция | |
| Контролно поле | 20240730084216.0 |
| 008 - Елементи от данни с фиксирана дължина | |
| fixed length control field | 200315b bul|||||r ||||||| ||bul|| |
| 010 ## - Наследен системен номер | |
| LC control number | KNG00145980RET |
| 040 ## - Източник на каталожния запис | |
| Идентификатор на билиотеката - собственик на записа | BLK |
| 041 ## - Код за език | |
| Код за езика на текст/звукозапис или на отделно заглавие | Руски |
| Код за езика КДБФ | Руски |
| 080 ## - УДК | |
| Текстов определител УДК | Българска литература |
| УДК код - определител по УДК | 821.163.2 |
| УДК - код + определител | 821.163.2-1 |
| 100 ## - Редна дума - Автор | |
| Автор | Яворов, Пейо Крачолов |
| Дати, свързани с автора | 1878 - 1914 |
| Пълна форма на името | Крачолов, Пейо Тотев |
| R(LIN) | 245003 |
| 139 ## - Редно поле | |
| Редна дума | Яворов, Пейо |
| 245 10 - Сведения за заглавието | |
| Заглавие | Лирика |
| Подзаглавни данни | [Сборник] |
| Редно поле (дума) | Пейо Яворов |
| 257 ## - Страна на издаване | |
| Страна на създаване/издаване | България |
| 260 ## - Област на издателските данни | |
| Място на издаване, разпространение и проч. | [София] |
| Име на издателя, разпространителя и проч. | София-пресс |
| Година на издаване | 1978 |
| 300 ## - Физическа характеристика | |
| Страници | 127 с. |
| Размери/Мащаб | 17 см |
| 380 ## - Жанр | |
| Жанр | Худож. лит. |
| 490 ## - СЕРИИ (Колекции) | |
| Име на серия | Библиотека България |
| №: серия | 1 |
| 9 (RLIN) | 208189 |
| 500 ## - Общи забележки | |
| Забележка | Други прев.: В. Виноградов, М. Петровых, М. Зенкевич, А. Тарковски, В. Корнилов, А. Гатов, П. Семыннин, В. Бурич, В. Соколов, П. Железнов, Л. Озеров, А. Наль, А. Ладински, Д. Самойлов, Б. Слуцки. 25 200 тир. |
| 852 ## - Местоположение | |
| Форматна сигнатура | Цб І 16034 |
| 856 4# - Електронен адрес и достъп | |
| Електронен формат | pdf - файл |
| Път до файла /url/ | |
| 856 4# - Електронен адрес и достъп | |
| Електронен формат | pdf - файл |
| Път до файла /url/ | |
| 999 ## - СИСТЕМНИ КОНТРОЛНИ НОМЕРА | |
| Koha biblionumber | 383861 |
| Koha biblioitemnumber | 383861 |
| 942 ## - АРТИКУЛИ | |
| Вид на библиотечния материал | Книги |
| Скрит в OPAC | Не |
| Източник на класификационната схема | Universal Decimal Classification |
| Периодичен библиозапис | Да |
| 944 ## - СЪЗДАВАНЕ И РЕДАКЦИЯ на ЗАПИСА | |
| Създаване/Редакция | Създаване |
| Дата на регистрацията/редакция | 2020-08-20 |
| Служител, извършил регистрацията/редакцията | 30545 |
| Статус, дата на статуса | Нора Радева |
| Код за отписване | Код за изгубен артикул | Източник на класификационната схема | Код за повреда | Коз за рестрикции | Код за отдаване | Артикулен № | Име на библиотеката - собственик | Име на библиотеката, в която се намира в момента | Статус (Текущо местоположение) | Дата на вписване в системата | Местоположение - отдел | Цена в лева | Инвентарен номер | Систематично азбучна сигнатура | Баркод | Цена в евро | Служебен тип на артикула |
|---|---|---|---|---|---|---|---|---|---|---|---|---|---|---|---|---|---|
| Не е изгубен | Universal Decimal Classification | Не е повреден | само за читалня | ползва се в читалня | 793183 | Регионална библиотека "Любен Каравелов" Русе | Регионална библиотека "Любен Каравелов" Русе | Хранилище | 2020-08-21 | Хранилище | 0.20 | 253064 | Цб І 16034 | 120000253064 | 0.10 | Книги |